00375nam a22001337a 450000500170000000800410001704100120005808200130007010000120008324500390009526000500013430000320018465000250021620240816104735.0240816b |||||||| |||| 00| 0 eng d aEnglish a349 LAW  lEnglish aThe Law Reports: Probate Division  aLondon: bWilliam Clowes and Sons Ltd, c1907 bxviii, 401 pages; c25 cm.  aLegal practice bLaw